La Stanza Numero 30 Cronache di una vita
Na minha lista:
| Autor principal: | |
|---|---|
| Formato: | Livro |
| Idioma: | idioma desconhecido |
| Publicado em: |
Filtrinelli
|
| Tags: |
Sem tags, seja o primeiro a adicionar uma tag!
|
MARC
| LEADER | 00000nam a2200000Ia 4500 | ||
|---|---|---|---|
| 001 | R-1237 | ||
| 003 | CODICE-MESSINA | ||
| 005 | 20260212102504.0 | ||
| 008 | 260211s9999 xx 000 0 und d | ||
| 040 | |c importazione_messina | ||
| 100 | |a Ilda Boccassini | ||
| 245 | 0 | |a La Stanza Numero 30 | |
| 245 | 0 | |b Cronache di una vita | |
| 260 | |b Filtrinelli | ||
| 942 | |2 ddc |c BK | ||
| 952 | |0 0 |1 0 |2 ddc |4 0 |6 SCAFFALE_12_000000000000000__ROMANZI |7 0 |9 32070 |a ME |b ME |d 2026-02-11 |l 0 |o SCAFFALE 12 - ROMANZI |p R-1237 |r 2026-02-11 23:52:57 |w 2026-02-11 |x [REVISIONARE] |y BK | ||
| 999 | |c 27737 |d 27737 | ||